Výchova robotníckeho dorastu

Bibliographic Details
Main Author: Vnuk, Stanislav (Author)
Format: Article
Language:Slovak
Subjects:

MARC

LEADER 00000nab a2200000 a 4500
001 vtls000118697
003 SK-MaSNL
005 20260303023753.0
008 111104c1982 xo 0 slo
015 |a SNBRB19rr/mm-uuuuu 
035 |a CL0128802 
040 |a SNKBUCL  |b slo  |c SNKBUCL  |e AACR2 
041 0 |a slo 
044 |a xo  |c SK 
080 |a 377.35  |2 1981 
080 |a 373.6  |2 1981 
100 1 |a Vnuk, Stanislav  |4 aut  |9 1006912 
245 1 0 |a Výchova robotníckeho dorastu  |c Stanislav Vnuk 
650 0 7 |a učilištia stredné  |2 snkbucl  |9 923909 
650 0 7 |a Stredné odborné učilište strojárske, Kysucké Nové Mesto  |2 snkbucl  |9 1006913 
651 7 |a 5302  |2 snkbucl  |9 286367 
655 7 |a články z novín a časopisov  |2 snkbucl  |9 267496 
773 0 |t Pravda  |g Roč. 63, č. 165 (14. 7. 1982), s. 3 
850 |a Slovenská národná knižnica v Martine  |a MTA001 
852 |a SNK  |b KIS3GCP 
958 |a RK 
992 |a RBX 
999 |c 1636327  |d 1638257